Statistiques concernant Chaîne de mots Spécial Vêtements et accessoires

Cliquez ici pour prendre le quiz!

Statistiques générales

  • Ce quiz a été pris 246 fois
    (245 depuis la dernière actualisation)
  • Le résultat moyen est 20 sur 31

Statistiques - réponses

HintRéponse% Correct
Levis en fabriqueJean
96%
La mariée en porte une le jour JRobe
94%
On le met sur la tête surtout l'hiverBonnet
92%
Protège les mains l'hiver, ou pour bricolerGants
92%
Chemise de nuit pour femmeNuisette
91%
Synonyme de caleçonSlip
89%
A main, a dos, poubelle, etcSac
88%
Pantalon moulant sportifLegging
85%
Le soutien gorge en langage populaireSoutif
84%
Marque dont le nom identique au plus grand sommet du mondeEverest
83%
Etre tendu comme un _ _ _ _ _ _String
80%
Indispensable la nuitPyjama
75%
Marque internationale dont le nom de famille est LaurenRalph
75%
Vêtement de tous les jours contenant deux manches (soit courtes soit longues)T-Shirt
75%
Accessoire d'hiver ou pour fan de club de footEcharpe
74%
Sandales, surtout pour aller a la plage (pluriel)Tongs
74%
Cet habit est court afin de laisser apparaître le nombrilCrop-Top
71%
Lorsqu'on a peur, on dit faire dans son _ _ _ _Froc
71%
L'hiver il tient chaudPull
68%
Traduction de deviner en anglais, marque d'habillement connueGUESS
67%
Cet habit porté par les femmes musulmanes recouvre le cou, les cheveux et estompe les formesHijab
50%
_ _ _ _ _ de sport, de bain, ou pour l'étéShort
50%
Il fait remonter la poitrinePush-Up
49%
Manteau utilisé en montagneAnorak
48%
Quand on a pas de dressing, alors on en possèdes plusieurs (en 8 lettres°Etagères
44%
Cette même veste a un synonyme anglaisKway
36%
Synonyme de pulls, ils tiennent chaudsGilets
32%
Partie du corps devenant des chaussures avec le même nomTalons
23%
Vêtement traditionnel en Iran pour les femmesTchador
13%
Chapeau de pailleCanotier
11%
Habit traditionnel indonésien indispensable pour visiter les lieux religieux de BaliSarong
11%

Distribution des résultats

Percentile par nombre de réponses

% des personnes avec chaque résultat

Votre développement - résultats

Vous n’avez pas pris ce quiz depuis la dernière actualisation